Music Quiz

Random Music Quiz

Facts About Machine Gun Kelly (Rapper) Quiz Stats

 Plays Quiz not verified by Sporcle

Challenge
Share
Tweet
Embed
Score 0/10 Timer 10:00
0 Plays Today
Hint Answer % Correct
What is Machine Gun Kelly's Real Name?Richard Colson Baker
83.4%
How many children does he have?One
77.7%
What state and city did he grow up in?Cleveland, Ohio
59.8%
What is his daughter's first name?Casie
57.1%
When was he born?April 22, 1990
55.1%
What is his first language?Arabic
48.3%
What was his first song charted in Billboard?Wild Boy
45.3%
What does EST stand for?Everyone Stands Together
44.3%
What rapper had a great influence on him?DMX
32.1%
When did his first studio album release?October 9, 2012
20.6%

You're not logged in!

Compare scores with friends on all Sporcle quizzes.
OR
Log In

You Might Also Like...

Show Comments

Extras

Created May 5, 2015ReportNominate
Tags:gun, kelly, machine, rapper

Top Quizzes Today


Score Distribution

Your Account Isn't Verified!

In order to create a playlist on Sporcle, you need to verify the email address you used during registration. Go to your Sporcle Settings to finish the process.

Report this User

Report this user for behavior that violates our Community Guidelines.

Details: